书目信息 |
| 题名: |
指名道书
|
|
| 作者: | 木空 著 | |
| 分册: | ||
| 出版信息: | 北京 中国经济出版社 2010 |
|
| 页数: | 239页 | |
| 开本: | 23cm | |
| 丛书名: | 万花筒丛书 | |
| 单 册: | ||
| 中图分类: | G256.4 | |
| 科图分类: | ||
| 主题词: | 书评--选集 , 书评 | |
| 电子资源: | ||
| ISBN: | 978-7-5017-6159-3 | |
| 000 | 00737oam2 2200253 45 | |
| 001 | 1032988484 | |
| 005 | 20100408163327.50 | |
| 010 | @a978-7-5017-6159-3@dCNY36.00 | |
| 100 | @a20100331d2010 em y0chiy50 ea | |
| 101 | 0 | @achi |
| 102 | @aCN@b110000 | |
| 105 | @ay z 000yy | |
| 106 | @ar | |
| 200 | 1 | @a指名道书@AZhi Ming Dao Shu@e愤青PK名家 引领文化时尚@EFen Qing PK Ming Jia Yin Ling Wen Hua Shi Shang@f木空著@FMu Kong Zhu |
| 210 | @a北京@c中国经济出版社@d2010 | |
| 215 | @a239页@d23cm | |
| 225 | 2 | @a万花筒丛书@h1 |
| 461 | 0 | @12001 @a万花筒丛书@h1 |
| 606 | 0 | @a书评@j选集 |
| 606 | 0 | @a书评 |
| 690 | @aG256.4@v4 | |
| 701 | 0 | @a木空@AMu Kong@4著 |
| 801 | 0 | @aCN@bTANGWEI@c20100408 |
| 905 | @b0587136-40@dG256.4@e78@f5 | |
| 指名道书:愤青PK名家 引领文化时尚/木空著.-北京:中国经济出版社,2010 |
| 239页;23cm.-(万花筒丛书.1) |
| ISBN 978-7-5017-6159-3:CNY36.00 |
| ● |
| 相关链接 |
|
|
|
|
正题名:指名道书
索取号:G256.4/78
 
预约/预借
| 序号 | 登录号 | 条形码 | 馆藏地/架位号 | 状态 | 备注 |
| 1 | 0587136 | 205871369 | 第一样本阅览室/ [索取号:G256.4/78] | 在馆 | |
| 2 | 0587137 | 205871378 | 第四借阅区/ [索取号:G256.4/78] | 在馆 | |
| 3 | 0587138 | 205871387 | 第四借阅区/ [索取号:G256.4/78] | 在馆 | |
| 4 | 0587139 | 205871396 | 第四借阅区/ [索取号:G256.4/78] | 在馆 | |
| 5 | 0587140 | 205871403 | 第四借阅区/ [索取号:G256.4/78] | 在馆 |